[Event "XXXIII Memorial Edoardo Crespi Magistrale"]
[Site "Milano ITA"]
[Date "2012.12.06"]
[Round "7"]
[White "Jara, Erik"]
[Black "Nannelli, Paolo"]
[WhiteElo "2173"]
[BlackElo "2230"]
[Result "1-0"]
[PlyCount "131"]
[EventDate "2012.12.01"]

1. c4 c6 2. Nf3 d5 3. g3 Bg4 4. Bg2 e6 5. d4 Nf6 6. O-O Be7 7. b3 Nbd7 8. Ba3
O-O 9. Qc1 Re8 10. Qb2 a5 11. e3 Bxa3 12. Nxa3 Qe7 13. Nc2 Ne4 14. Ne5 Nxe5 15.
dxe5 Nc5 16. Qc3 Rec8 17. f3 Bf5 18. Nd4 Bg6 19. Rfd1 Qc7 20. f4 Ne4 21. Qe1
Qb6 22. Rdc1 Re8 23. Bxe4 Bxe4 24. c5 Qc7 25. g4 Qe7 26. Qg3 f6 27. a3 fxe5 28.
fxe5 Rf8 29. b4 axb4 30. axb4 Bd3 31. Rd1 Bc4 32. h4 Qf7 33. Qg2 Rae8 34. Rd2
Qc7 35. Qg3 h6 36. g5 Kh8 37. Kh2 Qf7 38. Rg1 Qh5 39. Rdg2 hxg5 40. Qxg5 Qxg5
41. Rxg5 Rf7 42. R5g4 Rf2+ 43. R1g2 Rxg2+ 44. Kxg2 Bd3 45. Rf4 Kg8 46. Rf2 Bc4
47. Kg3 Re7 48. Kg4 Rf7 49. Rf4 Re7 50. h5 Bd3 51. Kg5 Kh7 52. Rf8 Be4 53. b5
cxb5 54. Nxb5 Bc2 55. Nd6 Ba4 56. Nf7 Re8 57. Rxe8 Bxe8 58. Nd8 Kg8 59. Nxe6
Kf7 60. Nd8+ Ke7 61. Nxb7 Ke6 62. Nd6 Ba4 63. Kg6 Kxe5 64. Kxg7 d4 65. exd4+
Kxd4 66. h6 1-0

[Event "XXXIII Memorial Edoardo Crespi Magistrale"]
[Site "Milano ITA"]
[Date "2012.12.06"]
[Round "7"]
[White "Lavorgna, Giovanni"]
[Black "Loehnhardt, Benjamin"]
[WhiteElo "2035"]
[BlackElo "2073"]
[Result "1-0"]
[PlyCount "49"]
[EventDate "2012.12.01"]

1. e4 c5 2. Nf3 d6 3. Bb5+ Nd7 4. c3 Ngf6 5. Qe2 a6 6. Ba4 Qc7 7. O-O g6 8. d4
Bg7 9. e5 Nd5 10. e6 fxe6 11. Ng5 b5 12. Nxe6 Qc6 13. Nxg7+ Kf7 14. c4 bxa4 15.
cxd5 Qxd5 16. Nc3 Qxd4 17. Ne6 Qf6 18. Ng5+ Kf8 19. Nd5 Qe5 20. Qf3+ Qf5 21.
Nf4 Rb8 22. Qc6 h6 23. Nge6+ Kf7 24. Nc7 Bb7 25. Qxa4 1-0

[Event "XXXIII Memorial Edoardo Crespi Magistrale"]
[Site "Milano ITA"]
[Date "2012.12.06"]
[Round "7"]
[White "Maiorov, Nikita"]
[Black "Welling, Gerard"]
[WhiteElo "2541"]
[BlackElo "2338"]
[Result "1-0"]
[PlyCount "83"]
[EventDate "2012.12.01"]

1. d4 d5 2. c4 c6 3. Nc3 Nf6 4. e3 g6 5. Nf3 Bg7 6. Be2 O-O 7. O-O a6 8. a4 a5
9. cxd5 Nxd5 10. e4 Nb4 11. h3 b6 12. Be3 Ba6 13. Rc1 Qc8 14. Qd2 Bxe2 15. Nxe2
Qe6 16. Ng3 Rd8 17. Rc3 c5 18. d5 Qc8 19. Bh6 Bh8 20. Qg5 f6 21. Qf4 e5 22. Qe3
Qd7 23. Nd2 Qe7 24. Nc4 Nd7 25. f4 Bg7 26. Bxg7 Qxg7 27. fxe5 fxe5 28. Qg5 Rf8
29. Qg4 Rxf1+ 30. Nxf1 Rf8 31. Nfd2 Rf6 32. Rf3 Rxf3 33. Nxf3 Nd3 34. Qe6+ Qf7
35. Nd6 Qxe6 36. dxe6 Nf6 37. e7 Nxb2 38. Nxe5 Kg7 39. Ng4 Ne8 40. e5 c4 41.
Nf6 Nc7 42. Nd5 1-0

[Event "XXXIII Memorial Edoardo Crespi Magistrale"]
[Site "Milano ITA"]
[Date "2012.12.06"]
[Round "7"]
[White "Manfredi, Vincenzo"]
[Black "Andreoni, Giuseppe"]
[WhiteElo "2230"]
[BlackElo "2101"]
[Result "1-0"]
[PlyCount "73"]
[EventDate "2012.12.01"]

1. d4 Nf6 2. Nf3 g6 3. c4 Bg7 4. Nc3 d5 5. h4 c5 6. dxc5 Qa5 7. cxd5 O-O 8. Bd2
Qxc5 9. Qb3 e6 10. h5 exd5 11. hxg6 hxg6 12. Rc1 Nc6 13. e3 Re8 14. Nb5 Qe7 15.
Bc3 Bf5 16. Be2 Rad8 17. Nbd4 Bc8 18. Qa4 Ne4 19. Nxc6 Bxc3+ 20. Rxc3 bxc6 21.
Qd4 f6 22. Rxc6 Kg7 23. Nd2 Bf5 24. Ba6 Rb8 25. Nxe4 dxe4 26. b3 Rbd8 27. Qc3
Rd6 28. O-O Red8 29. Rc7 R8d7 30. Rxd7 Qxd7 31. Bc4 Bg4 32. Qa5 Bf3 33. Rc1
Bxg2 34. Kxg2 Qg4+ 35. Kf1 Rd1+ 36. Rxd1 Qxd1+ 37. Qe1 1-0

[Event "XXXIII Memorial Edoardo Crespi Magistrale"]
[Site "Milano ITA"]
[Date "2012.12.06"]
[Round "7"]
[White "Marholev, Dimitar"]
[Black "Shishkin, Vadim"]
[WhiteElo "2313"]
[BlackElo "2501"]
[Result "1/2-1/2"]
[PlyCount "56"]
[EventDate "2012.12.01"]

1. Nf3 Nf6 2. c4 g6 3. Nc3 d5 4. Qa4+ Bd7 5. Qb3 dxc4 6. Qxc4 Nc6 7. d3 Bg7 8.
g3 h6 9. Bg2 Rc8 10. O-O a6 11. Bd2 e5 12. h3 Be6 13. Qa4 O-O 14. Qh4 Nd7 15.
Qxd8 Nxd8 16. Ne1 f5 17. Nc2 c6 18. Ne3 Nf7 19. Rfc1 Rfd8 20. h4 Nd6 21. Bh3
Kf7 22. Rab1 Nf6 23. Bg2 Nb5 24. Nxb5 axb5 25. b3 e4 26. Ba5 Rd7 27. dxe4 Nxe4
28. Bxe4 fxe4 1/2-1/2

[Event "XXXIII Memorial Edoardo Crespi Magistrale"]
[Site "Milano ITA"]
[Date "2012.12.06"]
[Round "7"]
[White "Massironi, Marco"]
[Black "Gori, Andrea"]
[WhiteElo "2214"]
[BlackElo "2095"]
[Result "1/2-1/2"]
[PlyCount "89"]
[EventDate "2012.12.01"]

1. e4 e5 2. d4 exd4 3. Qxd4 Nc6 4. Qe3 g6 5. Nc3 Bg7 6. Bd2 Nge7 7. O-O-O d6 8.
Nd5 O-O 9. h4 Nxd5 10. exd5 Ne7 11. h5 Nxd5 12. Qg3 Qf6 13. c3 Nb6 14. Bg5 Qe6
15. Qh4 Qxa2 16. hxg6 Qa1+ 17. Kc2 Bf5+ 18. Bd3 Bxd3+ 19. Rxd3 Qa4+ 20. Qxa4
Nxa4 21. gxh7+ Kh8 22. Ne2 Rae8 23. Ng3 Nc5 24. Rf3 Ne4 25. Nxe4 Rxe4 26. Kd3
Re5 27. Be3 a6 28. Rg3 Re6 29. f4 Rg6 30. Rg5 Rh6 31. Rxh6 Bxh6 32. Rh5 Bg7 33.
g4 c5 34. g5 b5 35. f5 Re8 36. Bf4 Be5 37. Bd2 a5 38. g6 fxg6 39. fxg6 a4 40.
Rf5 Kg7 41. Rg5 Ra8 42. Rg1 Re8 43. Rg5 Ra8 44. Rg1 Re8 45. Rg5 1/2-1/2

[Event "XXXIII Memorial Edoardo Crespi Magistrale"]
[Site "Milano ITA"]
[Date "2012.12.06"]
[Round "7"]
[White "Mundorf, Johannes"]
[Black "Pelizzola, Danilo"]
[WhiteElo "2200"]
[BlackElo "2062"]
[Result "0-1"]
[PlyCount "76"]
[EventDate "2012.12.01"]

1. Nf3 Nf6 2. g3 d5 3. Bg2 g6 4. b3 Bg7 5. Bb2 O-O 6. c4 c6 7. O-O Nbd7 8. Qc2
Nb6 9. d3 h6 10. e4 dxe4 11. dxe4 Nh5 12. Bxg7 Nxg7 13. Nc3 Qc7 14. Rad1 Bg4
15. Rd2 Rad8 16. c5 Nd7 17. b4 Ne6 18. h3 Bxf3 19. Bxf3 Ne5 20. Bg2 Nd4 21.
Rxd4 Rxd4 22. f4 Nd7 23. Qb2 Rd3 24. e5 Nxe5 25. Ne4 Nc4 26. Qc2 Rd4 27. Qc3
Rfd8 28. Nd6 R4xd6 29. cxd6 Nxd6 30. Re1 Rd7 31. a4 Qd8 32. Re2 a6 33. g4 Ne8
34. Qc5 Ng7 35. f5 gxf5 36. gxf5 Rd1+ 37. Kf2 Rd2 38. Qxe7 Qxe7 0-1

[Event "XXXIII Memorial Edoardo Crespi Magistrale"]
[Site "Milano ITA"]
[Date "2012.12.06"]
[Round "7"]
[White "Pancevski, Filip"]
[Black "Mirzoev, Azer"]
[WhiteElo "2512"]
[BlackElo "2553"]
[Result "1/2-1/2"]
[PlyCount "72"]
[EventDate "2012.12.01"]

1. e4 e5 2. Nf3 Nc6 3. Bc4 Bc5 4. c3 Nf6 5. d3 a6 6. Nbd2 Ba7 7. Bb3 d6 8. h3
h6 9. Nf1 Ne7 10. Ng3 Ng6 11. O-O O-O 12. Re1 Re8 13. d4 Be6 14. Bc2 c5 15. Be3
cxd4 16. cxd4 Qa5 17. a3 b5 18. Nf5 Red8 19. Qd2 Qxd2 20. Bxd2 Rac8 21. Rac1
Bb8 22. Ba5 Re8 23. Bc3 d5 24. Nxe5 Nxe4 25. Bxe4 dxe4 26. Ng3 Bd5 27. Nxg6
Bxg3 28. fxg3 fxg6 29. Kf2 e3+ 30. Rxe3 Rxe3 31. Kxe3 Bxg2 32. h4 Re8+ 33. Kf2
Bd5 34. Bb4 Bc4 35. Re1 Rxe1 36. Bxe1 Kf7 1/2-1/2

[Event "XXXIII Memorial Edoardo Crespi Magistrale"]
[Site "Milano ITA"]
[Date "2012.12.06"]
[Round "7"]
[White "Quaranta, Cristiano"]
[Black "Lapiccirella, Mattia"]
[WhiteElo "2102"]
[BlackElo "2197"]
[Result "1-0"]
[PlyCount "61"]
[EventDate "2012.12.01"]

1. d4 Nf6 2. c4 c5 3. d5 e6 4. Nc3 exd5 5. cxd5 d6 6. Nf3 g6 7. Bf4 Bg7 8. Qa4+
Bd7 9. Qb3 Qc7 10. e4 O-O 11. Be2 Na6 12. Nd2 b5 13. Nxb5 Bxb5 14. Qxb5 Nb4 15.
Qc4 Nd7 16. Rb1 a5 17. a3 Nb6 18. Qc1 N4xd5 19. exd5 Nxd5 20. Nc4 Rfe8 21. Be3
Nxe3 22. Nxe3 d5 23. Nxd5 Qc6 24. Ne3 Rxe3 25. Qxe3 Re8 26. Qf3 Qe6 27. Rc1 c4
28. Rc2 c3 29. bxc3 Qb3 30. Qd3 Rxe2+ 31. Kxe2 1-0

[Event "XXXIII Memorial Edoardo Crespi Magistrale"]
[Site "Milano ITA"]
[Date "2012.12.06"]
[Round "7"]
[White "Rettore, Ludwig"]
[Black "Lapiccirella, Daniele"]
[WhiteElo "2115"]
[BlackElo "2210"]
[Result "1/2-1/2"]
[PlyCount "46"]
[EventDate "2012.12.01"]

1. Nf3 d5 2. d4 Nf6 3. e3 e6 4. Nbd2 c5 5. c3 Nc6 6. Bd3 Bd6 7. O-O O-O 8. Re1
a6 9. e4 dxe4 10. Nxe4 Nxe4 11. Rxe4 h6 12. Rh4 f5 13. Rh3 Qf6 14. dxc5 Bxc5
15. Bc4 b5 16. Bb3 Na5 17. Bf4 Nxb3 18. Qxb3 Bb7 19. Be5 Qe7 20. Nd4 Bd5 21.
Qd1 Bxd4 22. Qxd4 Rf7 23. f4 Qa7 1/2-1/2

[Event "XXXIII Memorial Edoardo Crespi Magistrale"]
[Site "Milano ITA"]
[Date "2012.12.06"]
[Round "7"]
[White "Salmoiraghi, Angelo"]
[Black "Napoli, Nicolo'"]
[WhiteElo "2174"]
[BlackElo "2296"]
[Result "0-1"]
[PlyCount "154"]
[EventDate "2012.12.01"]

1. c4 b6 2. Nc3 Bb7 3. e4 e6 4. g3 c5 5. Bg2 Nc6 6. Nge2 Nge7 7. d4 Nxd4 8.
Nxd4 cxd4 9. Nb5 Nc6 10. Nxd4 Bb4+ 11. Bd2 Qe7 12. O-O O-O 13. Nb5 Bc5 14. Bc3
a6 15. Nd4 Rac8 16. Nb3 d6 17. Nxc5 dxc5 18. e5 b5 19. b3 Rfd8 20. Qe2 b4 21.
Bb2 a5 22. Rad1 h6 23. Rd6 Nd4 24. Bxd4 Bxg2 25. Kxg2 cxd4 26. Rxd8+ Rxd8 27.
Rd1 a4 28. Qe4 Qa7 29. Rd3 g6 30. bxa4 Qc5 31. a5 Qxa5 32. Rxd4 Rxd4 33. Qxd4
Qa8+ 34. Kh3 Qxa2 35. Qd8+ Kh7 36. Qf6 Qa7 37. Qf3 b3 38. Qxb3 Qxf2 39. Qd3 h5
40. g4 hxg4+ 41. Kxg4 Qg2+ 42. Qg3 Qe2+ 43. Qf3 Qxc4+ 44. Kg5 Kg8 45. h4 Qd4
46. Qf4 Qd8+ 47. Kh6 Qf8+ 48. Kg5 Kh7 49. Kg4 Qe7 50. Qg5 Qb7 51. Kg3 Qe4 52.
Qf4 Qd3+ 53. Kg2 Qf5 54. Qg5 Kg7 55. Kg3 Qd3+ 56. Kg4 f5+ 57. exf6+ Kf7 58. Qe5
Qd1+ 59. Kf4 Qf1+ 60. Kg5 Qc1+ 61. Kg4 Qc6 62. Kg5 Qd7 63. Kf4 Qa4+ 64. Kg5 Qc4
65. Qb2 Qe4 66. Qf2 Qe5+ 67. Kg4 Qxf6 68. Qa7+ Qe7 69. Qf2+ Kg7 70. Qb2+ Qf6
71. Qb7+ Kh6 72. Qd7 Qf5+ 73. Kg3 Qe5+ 74. Kg4 Qe2+ 75. Kg3 e5 76. Qd8 Qe3+ 77.
Kg4 Qd4+ 0-1

[Event "XXXIII Memorial Edoardo Crespi Magistrale"]
[Site "Milano ITA"]
[Date "2012.12.06"]
[Round "7"]
[White "Solodovnichenko, Yuri"]
[Black "Valsecchi, Alessio"]
[WhiteElo "2557"]
[BlackElo "2422"]
[Result "1-0"]
[PlyCount "103"]
[EventDate "2012.12.01"]

1. e4 e5 2. Nf3 Nc6 3. Bb5 a6 4. Ba4 Nf6 5. O-O b5 6. Bb3 Bc5 7. a4 Rb8 8. c3
d6 9. d4 Bb6 10. a5 Ba7 11. h3 O-O 12. Be3 Ra8 13. Nbd2 h6 14. Re1 Re8 15. Nf1
exd4 16. Nxd4 Nxd4 17. Bxd4 c5 18. Bxf6 Qxf6 19. Bd5 c4 20. Qf3 Qxf3 21. gxf3
Rb8 22. Kg2 Re7 23. Red1 Rc7 24. f4 g6 25. Nd2 Kg7 26. Kg3 Bd7 27. Rac1 Re8 28.
Re1 Bc8 29. Nf3 Rce7 30. Bc6 Rf8 31. Rcd1 Bb8 32. Bd5 Bc7 33. Nd4 Bd7 34. Ra1
Rb8 35. Nc2 Rf8 36. Nb4 Bc8 37. Bc6 Re6 38. Nd5 Bb8 39. h4 Rd8 40. h5 Rg8 41.
Kf3 Rf8 42. Rad1 f5 43. exf5 Rxf5 44. Ne7 Rc5 45. Nxc8 Rxe1 46. Rxe1 Rxc6 47.
Ne7 Rc5 48. hxg6 Bc7 49. f5 Bd8 50. Re6 Kf8 51. f6 Rg5 52. Ke4 1-0

[Event "XXXIII Memorial Edoardo Crespi Magistrale"]
[Site "Milano ITA"]
[Date "2012.12.06"]
[Round "7"]
[White "Tonndorf, Matthias"]
[Black "Gongalov, Bojan"]
[WhiteElo "2234"]
[BlackElo "2116"]
[Result "1-0"]
[PlyCount "49"]
[EventDate "2012.12.01"]

1. e4 Nf6 2. e5 Nd5 3. d4 d6 4. Bc4 dxe5 5. dxe5 Be6 6. Nf3 c6 7. O-O Nc7 8.
Bd3 Bg4 9. Bf4 Ne6 10. Bg3 Qb6 11. Nbd2 Nd7 12. Nc4 Qc7 13. h3 Bh5 14. Bh2 Ndc5
15. Be2 Rd8 16. Qe1 Bg6 17. b4 Na4 18. Ne3 Be4 19. Nd2 Nc3 20. Nxe4 Nxe4 21.
Bd3 N4g5 22. f4 h6 23. fxg5 hxg5 24. Qf2 Qb6 25. Rad1 1-0

[Event "XXXIII Memorial Edoardo Crespi Magistrale"]
[Site "Milano ITA"]
[Date "2012.12.06"]
[Round "7"]
[White "Tramalloni, Luca"]
[Black "Cattaneo, Marco"]
[WhiteElo "2087"]
[BlackElo "2049"]
[Result "1/2-1/2"]
[PlyCount "74"]
[EventDate "2012.12.01"]

1. d4 Nf6 2. Bg5 d5 3. Bxf6 exf6 4. e3 Bd6 5. c4 dxc4 6. Bxc4 O-O 7. Ne2 f5 8.
O-O Nd7 9. Nbc3 c6 10. g3 Nf6 11. Re1 Re8 12. Qc2 h5 13. Bd3 g6 14. Rad1 h4 15.
e4 fxe4 16. Nxe4 Nxe4 17. Bxe4 hxg3 18. hxg3 Kg7 19. Kg2 Qg5 20. f4 Qa5 21. d5
Bg4 22. dxc6 Bb4 23. cxb7 Rab8 24. Rd5 Qa6 25. Nc3 Qxb7 26. Re5 Rxe5 27. Bxb7
Rxe1 28. Bf3 Bxf3+ 29. Kxf3 Rbe8 30. Nd5 Ba5 31. b4 Bd8 32. Qb2+ Kg8 33. Nf6+
Bxf6 34. Qxf6 R1e6 35. Qd4 Ra6 36. Qb2 Rb6 37. a3 Reb8 1/2-1/2

[Event "XXXIII Memorial Edoardo Crespi Magistrale"]
[Site "Milano ITA"]
[Date "2012.12.06"]
[Round "7"]
[White "Van Den Bersselaar, Jeroen"]
[Black "Novelli, Cristiano"]
[WhiteElo "2176"]
[BlackElo "2051"]
[Result "0-1"]
[PlyCount "80"]
[EventDate "2012.12.01"]

1. d4 d5 2. c4 e5 3. dxe5 d4 4. Nf3 Nc6 5. a3 Bg4 6. Nbd2 Qe7 7. Qa4 O-O-O 8.
b4 Kb8 9. Bb2 Nxe5 10. Nxe5 Qxe5 11. h3 Bf5 12. Nf3 Qe4 13. Rd1 c5 14. g4 Bd7
15. Qb3 Qe8 16. b5 Bd6 17. Bg2 f5 18. g5 h6 19. gxh6 Nxh6 20. Kf1 f4 21. Ng5
Qe7 22. Ne4 Be5 23. a4 Nf5 24. Rg1 Rhf8 25. Rd3 Nh4 26. Bh1 f3 27. Rxf3 Nxf3
28. Bxf3 Bxh3+ 29. Ke1 d3 30. Bc1 Qd7 31. Bg5 dxe2 32. Kxe2 Rde8 33. Bh5 Qd4
34. Qd3 Qb2+ 35. Bd2 Bf5 36. Bxe8 Rxe8 37. f3 Bf6 38. Qd6+ Ka8 39. Qf4 Bxe4 40.
fxe4 Qd4 0-1

[Event "XXXIII Memorial Edoardo Crespi Magistrale"]
[Site "Milano ITA"]
[Date "2012.12.06"]
[Round "7"]
[White "Vezzosi, Paolo"]
[Black "Iudicello, Giovanni"]
[WhiteElo "2307"]
[BlackElo "2149"]
[Result "1-0"]
[PlyCount "79"]
[EventDate "2012.12.01"]

1. d4 Nf6 2. c4 g6 3. Nc3 Bg7 4. e4 d6 5. Be2 O-O 6. Be3 e5 7. Nf3 Ng4 8. Bg5
f6 9. Bh4 Nc6 10. d5 Ne7 11. Nd2 h5 12. h3 Nh6 13. g4 hxg4 14. hxg4 Nf7 15. Qc2
c6 16. O-O-O cxd5 17. cxd5 Bd7 18. Kb1 a6 19. Qd3 g5 20. Bg3 b5 21. Rc1 Qb6 22.
Nd1 Rfc8 23. Ne3 Nd8 24. Nf5 Nxf5 25. gxf5 Be8 26. Rxc8 Rxc8 27. Rc1 Rxc1+ 28.
Kxc1 Nb7 29. b4 a5 30. a3 axb4 31. axb4 Kf8 32. Nb1 Qa6 33. Kb2 Ke7 34. Nc3 Qb6
35. Kb3 Bd7 36. Qd1 Nd8 37. Bd3 Nf7 38. Qe2 Nh6 39. Bxb5 Bxb5 40. Nxb5 1-0

[Event "XXXIII Memorial Edoardo Crespi Magistrale"]
[Site "Milano ITA"]
[Date "2012.12.07"]
[Round "8"]
[White "Astengo, Corrado"]
[Black "Esposito, Luca"]
[WhiteElo "2164"]
[BlackElo "2299"]
[Result "1/2-1/2"]
[PlyCount "73"]
[EventDate "2012.12.01"]

1. e4 c5 2. Nf3 e6 3. d4 cxd4 4. Nxd4 Nc6 5. Nc3 Qc7 6. Be3 a6 7. Bd3 Nf6 8.
O-O Ne5 9. h3 Bc5 10. Qe2 d6 11. f4 Ng6 12. f5 Ne5 13. fxe6 fxe6 14. Nf3 Qb6
15. Bxc5 Qxc5+ 16. Kh2 O-O 17. Nxe5 Qxe5+ 18. Kg1 Bd7 19. Rf3 Be8 20. Qe3 Bh5
21. Rg3 h6 22. Rf1 Nd7 23. Rxf8+ Rxf8 24. Be2 Nb6 25. Bxh5 Nc4 26. Qxh6 Qxg3
27. Qxe6+ Kh8 28. Qxc4 Qe1+ 29. Kh2 Rf1 30. Qc8+ Kh7 31. Bg6+ Kh6 32. Qh8+ Kxg6
33. Qe8+ Kh6 34. Qh8+ Kg6 35. Qe8+ Kg5 36. Qd8+ Kg6 37. Qe8+ 1/2-1/2

[Event "XXXIII Memorial Edoardo Crespi Magistrale"]
[Site "Milano ITA"]
[Date "2012.12.07"]
[Round "8"]
[White "Cani, Gazmir"]
[Black "Tramalloni, Luca"]
[WhiteElo "2147"]
[BlackElo "2087"]
[Result "0-1"]
[PlyCount "52"]
[EventDate "2012.12.01"]

1. d4 d6 2. Nf3 g6 3. c4 Bg7 4. Nc3 Nd7 5. e4 e5 6. Be2 Ne7 7. O-O O-O 8. Be3
c6 9. b4 f5 10. dxe5 f4 11. Bd2 Nxe5 12. Qb3 Nxf3+ 13. Bxf3 Be6 14. a4 g5 15.
h3 Ng6 16. Be2 Qd7 17. f3 Nh4 18. Be1 Nxg2 19. Kxg2 Bxh3+ 20. Kh2 Rf6 21. Rh1
Rh6 22. Kg1 Bd4+ 23. Bf2 Qg7 24. Rc1 g4 25. fxg4 f3 26. Bxf3 Bxg4 0-1

[Event "XXXIII Memorial Edoardo Crespi Magistrale"]
[Site "Milano ITA"]
[Date "2012.12.07"]
[Round "8"]
[White "Cattaneo, Marco"]
[Black "Mundorf, Johannes"]
[WhiteElo "2049"]
[BlackElo "2200"]
[Result "0-1"]
[PlyCount "114"]
[EventDate "2012.12.01"]

1. d4 e6 2. c4 Bb4+ 3. Bd2 a5 4. Nc3 Nf6 5. Nf3 d6 6. g3 Nc6 7. Bg2 e5 8. d5
Ne7 9. O-O O-O 10. Ne1 Bf5 11. Nc2 Qd7 12. Re1 Bc5 13. e4 Bg4 14. Qc1 Bh3 15.
Be3 Bb4 16. f3 Bxc3 17. bxc3 Bxg2 18. Kxg2 c6 19. Na3 cxd5 20. cxd5 b5 21. Rb1
Rfb8 22. Qd2 Ne8 23. Rb2 f5 24. h3 Nf6 25. Bg5 b4 26. cxb4 Rxb4 27. Rxb4 axb4
28. Qxb4 Qa7 29. Nc4 Qxa2+ 30. Kh1 Qf2 31. Qd2 Qxf3+ 32. Qg2 Qxg2+ 33. Kxg2
Ra2+ 34. Kg1 Ra6 35. Bxf6 gxf6 36. exf5 Nxf5 37. Rf1 Nxg3 38. Rxf6 Ra1+ 39. Kg2
Ne4 40. Rf3 Ra2+ 41. Kg1 Ra1+ 42. Kg2 Rd1 43. Nb6 Rd2+ 44. Kg1 Kg7 45. Ra3 Nf6
46. Ra5 Kg6 47. Nc4 Rxd5 48. Rxd5 Nxd5 49. Nxd6 Kg5 50. Kg2 Kf4 51. Kf2 Nc3 52.
Nc4 Ne4+ 53. Ke2 Ng5 54. h4 Nf3 55. h5 Nd4+ 56. Kf2 Nf5 57. Kg2 Ne3+ 0-1

[Event "XXXIII Memorial Edoardo Crespi Magistrale"]
[Site "Milano ITA"]
[Date "2012.12.07"]
[Round "8"]
[White "Colovic, Aleksandar"]
[Black "Marholev, Dimitar"]
[WhiteElo "2457"]
[BlackElo "2313"]
[Result "1-0"]
[PlyCount "57"]
[EventDate "2012.12.01"]

1. d4 Nf6 2. c4 g6 3. Nc3 Bg7 4. e4 d6 5. h3 O-O 6. Nf3 Na6 7. Bg5 Qe8 8. Be2
e5 9. d5 Nc5 10. Nd2 a5 11. g4 c6 12. h4 cxd5 13. cxd5 Bd7 14. Be3 Qb8 15. g5
Ne8 16. a4 h5 17. gxh6 Bf6 18. Bxc5 dxc5 19. Bg4 Qc8 20. Bxd7 Qxd7 21. Nc4 Ra6
22. Qf3 Kh7 23. h5 Qe7 24. O-O-O Nd6 25. Nxd6 Rxd6 26. Kb1 Bg5 27. Qg4 Bf4 28.
Nb5 f5 29. exf5 1-0

[Event "XXXIII Memorial Edoardo Crespi Magistrale"]
[Site "Milano ITA"]
[Date "2012.12.07"]
[Round "8"]
[White "Damia, Angelo"]
[Black "Bemporad, Filippo"]
[WhiteElo "2281"]
[BlackElo "2046"]
[Result "1-0"]
[PlyCount "123"]
[EventDate "2012.12.01"]

1. e4 c5 2. d4 cxd4 3. c3 d3 4. c4 d6 5. Bxd3 Nf6 6. Nc3 g6 7. Bg5 Bg7 8. Qd2
h6 9. Bxf6 Bxf6 10. h4 h5 11. Nge2 Nc6 12. O-O-O Bd7 13. Kb1 Bg7 14. Nd5 Ne5
15. f4 Ng4 16. Rdf1 e6 17. Ne3 Nxe3 18. Qxe3 Qa5 19. f5 O-O-O 20. f6 Bh6 21.
Qg3 Bc6 22. Nd4 Qe5 23. Qxe5 dxe5 24. Nxc6 bxc6 25. Kc2 Be3 26. b4 Kc7 27. Rf3
Bd4 28. c5 Rb8 29. Rb1 a5 30. bxa5 Rxb1 31. Kxb1 Rb8+ 32. Kc1 Bxc5 33. Bc4 Rb4
34. Rc3 Kd6 35. a6 Bd4 36. Rc2 Bf2 37. Bb3 Bd4 38. Kd2 Rb8 39. Ke2 Ra8 40. Bc4
Rb8 41. Kf3 Ra8 42. g4 hxg4+ 43. Kxg4 Rh8 44. Rh2 Kc5 45. Bxe6 fxe6 46. Kg5 Kc4
47. Kxg6 Kd3 48. Kg7 Ra8 49. h5 Kxe4 50. f7 Bc5 51. h6 Kf3 52. Rh5 Kg4 53. h7
Bd4 54. f8=Q e4+ 55. Kg8 Rxf8+ 56. Kxf8 Kxh5 57. a7 e3 58. a8=Q e2 59. Qe8+ Kg4
60. Qxe6+ Kf3 61. Qxc6+ Ke3 62. a4 1-0

[Event "XXXIII Memorial Edoardo Crespi Magistrale"]
[Site "Milano ITA"]
[Date "2012.12.07"]
[Round "8"]
[White "Formento, Paolo"]
[Black "Collutiis, Duilio"]
[WhiteElo "2167"]
[BlackElo "2495"]
[Result "0-1"]
[PlyCount "86"]
[EventDate "2012.12.01"]

1. e4 e5 2. Nf3 Nc6 3. d4 exd4 4. Nxd4 Bb4+ 5. c3 Bc5 6. Be3 Bb6 7. Nf5 Bxe3 8.
Nxe3 Nf6 9. f3 O-O 10. c4 d6 11. Nc3 Nd7 12. Qd2 Nc5 13. O-O-O f5 14. exf5 Bxf5
15. Nxf5 Rxf5 16. Be2 Kh8 17. Nd5 a5 18. Kb1 Qd7 19. g4 Rf7 20. h4 Ne5 21. Rdf1
Qe6 22. Qe3 Qg6+ 23. Ka1 a4 24. a3 Qc2 25. Nb4 Qd2 26. Qxd2 Nb3+ 27. Ka2 Nxd2
28. Rc1 Nexf3 29. Rcd1 Nb3 30. Rhf1 Raf8 31. Rxf3 Rxf3 32. Bxf3 Rxf3 33. Nd5
Rf7 34. Re1 h5 35. g5 Kh7 36. Ne7 Rf8 37. Nd5 c6 38. Nc3 Nc5 39. Ne4 Rf4 40.
Nxd6 Rxh4 41. Re5 Nb3 42. Re1 Rd4 43. Re6 Rg4 0-1

[Event "XXXIII Memorial Edoardo Crespi Magistrale"]
[Site "Milano ITA"]
[Date "2012.12.07"]
[Round "8"]
[White "Friedrichs, Klaus"]
[Black "Manfredi, Vincenzo"]
[WhiteElo "2301"]
[BlackElo "2230"]
[Result "1-0"]
[PlyCount "41"]
[EventDate "2012.12.01"]

1. e4 c5 2. Nc3 e6 3. f4 a6 4. Nf3 Nc6 5. d3 d5 6. Be2 Nf6 7. O-O Be7 8. Qe1 h5
9. Ne5 Nd4 10. Bd1 b5 11. Nb1 dxe4 12. c3 Nf3+ 13. gxf3 exd3 14. c4 Bb7 15. Be3
bxc4 16. Nd2 Nd5 17. Ndxc4 g5 18. fxg5 Nxe3 19. Qxe3 Bd5 20. Ba4+ Kf8 21. Qf4
1-0

[Event "XXXIII Memorial Edoardo Crespi Magistrale"]
[Site "Milano ITA"]
[Date "2012.12.07"]
[Round "8"]
[White "Gongalov, Bojan"]
[Black "Salmoiraghi, Angelo"]
[WhiteElo "2116"]
[BlackElo "2174"]
[Result "0-1"]
[PlyCount "108"]
[EventDate "2012.12.01"]

1. e4 c5 2. Nf3 d6 3. d4 cxd4 4. Nxd4 Nf6 5. Nc3 Nc6 6. Bc4 Qb6 7. Nb3 e6 8.
Be3 Qc7 9. Qe2 a6 10. a4 Ne5 11. Bd3 Be7 12. a5 Bd7 13. f4 Nxd3+ 14. cxd3 Rc8
15. Bb6 Qb8 16. e5 dxe5 17. fxe5 Nd5 18. Nxd5 exd5 19. O-O O-O 20. Rfc1 Rxc1+
21. Rxc1 Rc8 22. Rf1 Be6 23. Nd4 Rf8 24. Qe3 Bd7 25. Qf4 Be6 26. Nf5 Bxf5 27.
Qxf5 Qc8 28. Qf4 Qe6 29. Rc1 Rc8 30. d4 h6 31. Qf1 Bg5 32. Rc5 Be3+ 33. Kh1
Rxc5 34. Bxc5 Qg4 35. Qf3 Qxf3 36. gxf3 Kh7 37. Kg2 Kg6 38. Kf1 Bd2 39. Bb6 Kf5
40. Ke2 Bf4 41. Bc7 Ke6 42. h3 f6 43. Bb8 fxe5 44. b4 Kf5 45. Ba7 e4 46. Bc5 g6
47. Bf8 h5 48. Be7 g5 49. Bc5 exf3+ 50. Kxf3 g4+ 51. hxg4+ hxg4+ 52. Kf2 Ke4
53. Kg2 Be3 54. Kg3 Bxd4 0-1

[Event "XXXIII Memorial Edoardo Crespi Magistrale"]
[Site "Milano ITA"]
[Date "2012.12.07"]
[Round "8"]
[White "Gori, Andrea"]
[Black "Vezzosi, Paolo"]
[WhiteElo "2095"]
[BlackElo "2307"]
[Result "0-1"]
[PlyCount "58"]
[EventDate "2012.12.01"]

1. e4 c5 2. Nc3 Nc6 3. f4 e6 4. Nf3 Nf6 5. Bb5 Qb6 6. Bc4 d6 7. d3 Bd7 8. O-O
Be7 9. Kh1 O-O 10. Qe1 Nd4 11. Bb3 Nxb3 12. axb3 Bc6 13. Qg3 d5 14. e5 Ne8 15.
h4 h5 16. Qh3 g6 17. g4 Ng7 18. Ne2 hxg4 19. Qxg4 Nf5 20. h5 Kg7 21. hxg6 Rh8+
22. Kg1 Rag8 23. Kf2 Kf8 24. Ke1 Rxg6 25. Ng5 Rgh6 26. Rg1 Rh4 27. Qg2 Rh2 28.
Qg4 c4 29. Nf3 Qf2+ 0-1

[Event "XXXIII Memorial Edoardo Crespi Magistrale"]
[Site "Milano ITA"]
[Date "2012.12.07"]
[Round "8"]
[White "Iudicello, Giovanni"]
[Black "Iturbide Arnedo, Oscar"]
[WhiteElo "2149"]
[BlackElo "2132"]
[Result "0-1"]
[PlyCount "96"]
[EventDate "2012.12.01"]

1. e4 d5 2. exd5 Qxd5 3. Nc3 Qa5 4. d4 e5 5. dxe5 Nc6 6. Nf3 Bb4 7. Bd2 Bg4 8.
Bb5 O-O-O 9. Bxc6 bxc6 10. Qe2 Ne7 11. O-O Bxf3 12. gxf3 Nf5 13. a3 Nd4 14. Qe4
Qxe5 15. axb4 Qxe4 16. fxe4 Nf3+ 17. Kg2 Nxd2 18. Rfe1 Nc4 19. b3 Nb6 20. Rxa7
Rd2 21. Ra2 Rhd8 22. Kf1 R8d6 23. Re3 Rf6 24. Re2 Rd4 25. b5 cxb5 26. Nxb5 Rd1+
27. Re1 Rd2 28. Re2 Rd1+ 29. Kg2 Rg6+ 30. Kf3 Rh6 31. Ke3 Rxh2 32. c4 Rb1 33.
Rab2 Rxb2 34. Rxb2 Nd7 35. Nd4 Ne5 36. Rb1 c5 37. Nf5 g6 38. Ng3 Ng4+ 39. Kf3
Ne5+ 40. Ke3 Ng4+ 41. Kf3 h5 42. Rb2 Ne5+ 43. Ke3 Rg2 44. Rd2 h4 45. Nh1 Rg1
46. f4 Re1+ 47. Kf2 Rxh1 48. Kg2 Rh2+ 0-1